[Event "Itzehoe op"]
[Site "Itzehoe"]
[Date "2022.10.02"]
[Round "4"]
[White "Westerhoff, Ralf"]
[Black "Gressmann, Hanna"]
[Result "1-0"]
[WhiteElo "1548"]
[BlackElo "1870"]
[PlyCount "88"]
[EventDate "2022.10.01"]
[EventType "swiss"]
[EventRounds "5"]
[EventCountry "GER"]
[SourceTitle "CBM 210 Extra"]
[Source "ChessBase"]
[SourceDate "2022.11.30"]
[SourceVersion "1"]
[SourceVersionDate "2022.11.30"]
[SourceQuality "1"]

1. e4 Nf6 2. Nc3 e5 3. Nf3 Nc6 4. Be2 Bc5 5. d3 h6 6. 0-0 a6 7. h3 d6 8. Nh2 Ne7 9. Ng4 Ng6 10. Be3 Ba7 11. Nxf6+ Qxf6 12. Nd5 Qd8 13. Bxa7 Rxa7 14. f4 exf4 15. Nxf4 Nxf4 16. Rxf4 0-0 17. Bg4 Qg5 18. Qf3 Ra8 19. Rf1 Qe7 20. d4 Bxg4 21. Rxg4 Rae8 22. Qf4 Kh8 23. Qg3 f6 24. Rf5 Rf7 25. Qb3 c6 26. e5 d5 27. exf6 Rxf6 28. Rxf6 gxf6 29. Rg6 Qh7 30. Rxf6 Re1+ 31. Rf1 Rxf1+ 32. Kxf1 Qf7+ 33. Qf3 Qg7 34. Qf4 c5 35. c3 c4 36. Kf2 b5 37. Qe5 Qxe5 38. dxe5 Kg7 39. Ke3 Kf7 40. Kd4 Ke6 41. g4 a5 42. h4 b4 43. g5 hxg5 44. hxg5 a4 1-0

[Event "GER-chT Federal Cup (Women)"]
[Site "Braunfels"]
[Date "2022.06.19"]
[Round "5.19"]
[White "Stangl, Anita"]
[Black "Gressmann, Hanna"]
[Result "0-1"]
[WhiteElo "2041"]
[BlackElo "1892"]
[PlyCount "118"]
[EventDate "2022.06.15"]
[EventType "team-swiss"]
[EventRounds "5"]
[EventCountry "GER"]
[SourceTitle "EXT 2023"]
[Source "ChessBase"]
[SourceDate "2022.10.05"]
[SourceVersion "1"]
[SourceVersionDate "2022.10.05"]
[SourceQuality "1"]

1. e4 d6 2. d4 Nf6 3. Nc3 Nbd7 4. Nf3 e5 5. Bc4 Be7 6. 0-0 0-0 7. h3 c6 8. a4 a5 9. Qe2 h6 10. b3 exd4 11. Nxd4 Ne5 12. Ba3 Re8 13. Rad1 Bf8 14. Bd3 Nxd3 15. Qxd3 d5 16. Bxf8 Rxf8 17. e5 Nh7 18. f4 Re8 19. Rfe1 Qh4 20. Nce2 Nf8 21. Kh2 Ng6 22. Nf3 Qe7 23. g4 b6 24. Qe3 Qc7 25. Ned4 Bd7 26. Kg2 c5 27. Nf5 d4 28. Qd2 Bc6 29. Nd6 Nh4+ 30. Kg3 Nxf3 31. Nxe8 Rxe8 32. Qd3 Nxe1 33. Rxe1 Qd8 34. Re2 Qd5 35. Rf2 g5 36. Qf5 Bd7 37. Qf6 Qe6 38. fxg5 Qxe5+ 39. Qxe5 Rxe5 40. gxh6 Be6 41. Rf6 Rg5 42. Rf4 Rg6 43. h4 Rxh6 44. g5 Rg6 45. Re4 Bf5 46. Re2 Re6 47. Rf2 Bg6 48. Kg4 Kg7 49. h5 Bh7 50. Kg3 d3 51. cxd3 Re3+ 52. Kg4 Bxd3 53. h6+ Kf8 54. Rh2 Bh7 55. Rb2 Ke7 56. Kf4 Re4+ 57. Kf3 Ke6 58. Rd2 Rb4 59. Rd8 Kf5 0-1

[Event "Pardubice Czech op-B 32nd"]
[Site "Pardubice"]
[Date "2021.07.25"]
[Round "3"]
[White "Gressmann, Hanna"]
[Black "Palamarchuk, Andrey"]
[Result "0-1"]
[WhiteElo "1854"]
[BlackElo "2011"]
[PlyCount "102"]
[EventDate "2021.07.24"]
[EventType "swiss"]
[EventRounds "9"]
[EventCountry "CZE"]
[SourceTitle "EXT 2022"]
[Source "ChessBase"]
[SourceDate "2021.10.06"]
[SourceVersion "1"]
[SourceVersionDate "2021.10.06"]
[SourceQuality "1"]

1. e4 e5 2. Nf3 Nc6 3. Bc4 Nf6 4. d3 Be7 5. c3 0-0 6. 0-0 d5 7. exd5 Nxd5 8. Re1 Nb6 9. Bb3 Bg4 10. h3 Bh5 11. Qe2 Kh8 12. Nbd2 f5 13. Nf1 Bf6 14. Ng3 Bg6 15. Bc2 h6 16. Bd2 Qd6 17. Rad1 Rae8 18. Bc1 Nd5 19. Qf1 Bh7 20. d4 e4 21. Nd2 Bh4 22. Nc4 Qg6 23. Ne5 Nxe5 24. dxe5 Bxg3 25. fxg3 Rxe5 26. Bf4 Nxf4 27. gxf4 Re7 28. Qf2 b6 29. Re3 Bg8 30. a3 Bf7 31. Qh4 Qe6 32. Ba4 Be8 33. Bxe8 Rfxe8 34. Rd2 Rd7 35. Rxd7 Qxd7 36. Qe1 Rd8 37. Re2 Qd1 38. Qxd1 Rxd1+ 39. Kf2 Rd3 40. h4 g6 41. Rc2 Kg7 42. Ke2 g5 43. hxg5 hxg5 44. fxg5 Kg6 45. Kf2 Kxg5 46. Re2 Kg4 47. Rc2 f4 48. a4 e3+ 49. Ke2 Rd2+ 50. Rxd2 exd2 51. Kxd2 Kg3 0-1

[Event "GER-chT U20 Girls"]
[Site "Osnabrueck"]
[Date "2018.12.28"]
[Round "4.3"]
[White "Gressmann, Hanna"]
[Black "Moeller, Hannah Sophie"]
[Result "0-1"]
[WhiteElo "1839"]
[BlackElo "1846"]
[PlyCount "76"]
[EventDate "2018.12.27"]
[EventType "team-swiss"]
[EventRounds "7"]
[EventCountry "GER"]
[SourceTitle "CBM 188 Extra"]
[Source "ChessBase"]
[SourceDate "2019.02.26"]
[SourceVersion "1"]
[SourceVersionDate "2019.02.26"]
[SourceQuality "1"]
[WhiteTeam "Harksheide"]
[BlackTeam "Lingen"]
[WhiteTeamCountry "GER"]
[BlackTeamCountry "GER"]

1. e4 g6 2. d4 Bg7 3. Nc3 d6 4. Nf3 Nf6 5. h3 Nbd7 6. Bg5 c6 7. a4 0-0 8. Be2 h6 9. Be3 e5 10. dxe5 dxe5 11. Qd2 Kh7 12. a5 Qe7 13. Nh2 Qb4 14. Ra4 Qe7 15. Bf3 Nc5 16. Ra1 Be6 17. Ng4 h5 18. Nxf6+ Bxf6 19. g4 h4 20. 0-0 Bg7 21. Qe2 Rg8 22. Rfd1 f5 23. Rd2 Nd7 24. exf5 gxf5 25. gxf5 Bxf5 26. Bg4 Bxg4 27. hxg4 Nf6 28. Bg5 Bh6 29. Bxf6 Qxf6 30. Rd7+ Rg7 31. Rad1 Rf8 32. Ne4 Qf4 33. Nc5 Rff7 34. Rxf7 Rxf7 35. Qd3+ Kh8 36. Qd8+ Bf8 37. Qxh4+ Rh7 38. Qd8 Qxg4+ 0-1

[Event "BL2 West 1819 (Women)"]
[Site "Germany"]
[Date "2018.11.17"]
[Round "3.5"]
[White "Gressmann, Hanna"]
[Black "Walow, Xenia"]
[Result "1-0"]
[WhiteElo "1833"]
[BlackElo "1747"]
[PlyCount "87"]
[EventDate "2018.10.27"]
[EventType "team-tourn"]
[EventRounds "7"]
[EventCountry "GER"]
[SourceTitle "CBM 190 Extra"]
[Source "ChessBase"]
[SourceDate "2019.07.15"]
[SourceVersion "1"]
[SourceVersionDate "2019.07.15"]
[SourceQuality "1"]
[WhiteTeam "Kiel Doppelbauer (W)"]
[BlackTeam "Paderborn Blauer Springer (W)"]
[WhiteTeamCountry "GER"]
[BlackTeamCountry "GER"]

1. e4 c5 2. Nc3 Nc6 3. f4 g6 4. Nf3 Bg7 5. Bc4 e6 6. 0-0 d6 7. d3 a6 8. Qe1 b5 9. Bb3 b4 10. Ne2 Nge7 11. Qh4 Bd7 12. Kh1 Na5 13. Rb1 Nxb3 14. axb3 Nc6 15. Qg3 0-0 16. f5 Ne5 17. Bg5 f6 18. Nxe5 dxe5 19. Be3 exf5 20. Bxc5 Rf7 21. Bxb4 Qb6 22. Bc3 fxe4 23. dxe4 Bc6 24. Qg4 Bb5 25. Rfe1 Rd8 26. Ng3 Rfd7 27. Ra1 Qc6 28. Ba5 Qxc2 29. Bxd8 Rxd8 30. Rad1 Re8 31. Qf3 Qxb2 32. Nf1 Kf7 33. Rb1 Qd4 34. Red1 Qb4 35. Ne3 Rc8 36. Nd5 Qc5 37. h3 Qa7 38. Rbc1 Qb7 39. Qe3 Qd7 40. Rxc8 Qxc8 41. Rc1 Qd8 42. Qa7+ Kg8 43. Ne7+ Kf7 44. Nc6+ 1-0

[Event "GER-ch U25-A"]
[Site "Willingen"]
[Date "2017.06.08"]
[Round "7"]
[White "Yi, Danny"]
[Black "Gressmann, Hanna"]
[Result "1-0"]
[WhiteElo "1967"]
[BlackElo "1841"]
[PlyCount "37"]
[EventDate "2017.06.04"]
[EventType "swiss"]
[EventRounds "9"]
[EventCountry "GER"]
[SourceTitle "CBM 178 Extra"]
[Source "ChessBase"]
[SourceDate "2017.06.22"]
[SourceVersion "1"]
[SourceVersionDate "2017.06.22"]
[SourceQuality "1"]

1. e4 e5 2. Nf3 Nc6 3. Bc4 Bc5 4. 0-0 d6 5. d3 Nf6 6. c3 a6 7. a4 Ba7 8. h3 0-0 9. Re1 Be6 10. Na3 h6 11. b4 Bxc4 12. Nxc4 Nh5 13. Qb3 Qf6 14. Be3 Nf4 15. Bxf4 Qxf4 16. b5 Nd8 17. b6 Bb8 18. bxc7 Bxc7 19. Ne3 1-0

[Event "GER-ch U25-A"]
[Site "Willingen"]
[Date "2017.06.06"]
[Round "4"]
[White "Schneider, Edward"]
[Black "Gressmann, Hanna"]
[Result "0-1"]
[WhiteElo "1683"]
[BlackElo "1841"]
[PlyCount "68"]
[EventDate "2017.06.04"]
[EventType "swiss"]
[EventRounds "9"]
[EventCountry "GER"]
[SourceTitle "CBM 178 Extra"]
[Source "ChessBase"]
[SourceDate "2017.06.22"]
[SourceVersion "1"]
[SourceVersionDate "2017.06.22"]
[SourceQuality "1"]

1. e4 e5 2. Nf3 Nc6 3. Bc4 Bc5 4. c3 Nf6 5. d4 exd4 6. cxd4 Bb4+ 7. Kf1 0-0 8. e5 Ne4 9. Bd5 d6 10. Bxe4 dxe5 11. Bxc6 bxc6 12. Bd2 c5 13. Bxb4 cxb4 14. Nxe5 c5 15. Nf3 Qd5 16. a3 Re8 17. h3 Ba6+ 18. Kg1 Be2 19. Qc2 Bxf3 20. gxf3 Re1+ 21. Kh2 Rxh1+ 22. Kxh1 Qxf3+ 23. Kg1 Re8 24. Nd2 Qxh3 25. Qb3 Qg4+ 26. Qg3 Qxd4 27. Nf3 Qxb2 28. Re1 Rxe1+ 29. Nxe1 bxa3 30. Qd6 g6 31. Nd3 Qb1+ 32. Kg2 a2 33. Qd8+ Kg7 34. Nf4 Qe4+ 0-1